To Amend the Joint Resolution Providing for the Preparation and Completion of Plans for a Comprehensive Observance of the One Hundred and Seventy-Fifth Anniversary of the Formation of the Constitution of the U.S.

Bibliographic Details
Corporate Authors: United States. Congress. House. Committee on the Judiciary. Subcommittee No. 4., ProQuest (Firm)
Format: eBook
Language:English
Published: [Place of publication not identified] : [publisher not identified], 1962.
Series:U.S. Congressional Hearings.
Subjects:
Online Access:Connect to the full text of this electronic book

MARC

Tag First Indicator Second Indicator Subfields
LEADER 00000cam a22000001a 4500
001 in00003187708
006 m d f
007 cr bn mmmapmmp
008 100831s1962 dcu o f000 0 eng d
005 20260504170328.1
035 |a cis2007481347 
040 |a UMI  |c UMI  |d UtOrBLW 
043 |a n-us--- 
099 |a HRG-1962-HJH-0081 
110 1 |a United States.  |b Congress.  |b House.  |b Committee on the Judiciary.  |b Subcommittee No. 4. 
245 1 0 |a To Amend the Joint Resolution Providing for the Preparation and Completion of Plans for a Comprehensive Observance of the One Hundred and Seventy-Fifth Anniversary of the Formation of the Constitution of the U.S. 
264 1 |a [Place of publication not identified] :  |b [publisher not identified],  |c 1962. 
300 |a 1 online resource. 
336 |a text  |b txt  |2 rdacontent 
337 |a computer  |b c  |2 rdamedia 
338 |a online resource  |b cr  |2 rdacarrier 
500 |a Record is based on bibliographic data in ProQuest U.S. Congressional Hearings Digital Collection (last viewed Aug. 2010). Reuse except for individual research requires license from ProQuest, LLC. 
538 |a System requirements: PDF reader software. 
500 |a Electronic resource. 
650 0 |a Anniversaries. 
651 0 |a Philadelphia (Pa.) 
655 7 |a Electronic books.  |2 local 
710 2 |a ProQuest (Firm) 
776 0 8 |i Microfiche version:   |a United States. Congress. House. Committee on the Judiciary. Subcommittee No. 4.  |t To Amend the Joint Resolution Providing for the Preparation and Completion of Plans for a Comprehensive Observance of the One Hundred and Seventy-Fifth Anniversary of the Formation of the Constitution of the U.S.  |o 87 HJ-T.58 
830 0 |a U.S. Congressional Hearings. 
856 4 0 |u http://proxy.library.tamu.edu/login?url=https://congressional.proquest.com/congcomp/getdoc?HEARING-ID=HRG-1962-HJH-0081  |z Connect to the full text of this electronic book  |t 0 
999 |a MARS 
999 f f |s 5ea50fb7-b8f0-33fc-95fe-773c5445a141  |i 34d3da3d-1898-3d5a-ba73-37a920a5416a  |t 0 
952 f f |a Texas A&M University  |b College Station  |c Electronic Resources  |s www_evans  |d Available Online  |t 0  |e HRG-1962-HJH-0081  |h Other scheme 
998 f f |a HRG-1962-HJH-0081  |t 0  |l Available Online